000 00376 a2200169 4500
001 164285
020 _a85-01-00476-6
040 _cMagnum
100 _aPrado, Lucilia Junqueira de Almeida
240 1 0 _aUma rua como aquela
_lpor
245 1 0 _aUma rua como aquela
300 _a162
362 0 _a2001
440 1 _aRecord
697 _aLITERATURA JUVENIL
942 _cBK
999 _c164285
_d164285